The Buddhist heritage of Pakistan (Record no. 24821)
[ view plain ]
| 000 -LEADER | |
|---|---|
| fixed length control field | 00547nam a22001697a 4500 |
| 003 - CONTROL NUMBER IDENTIFIER | |
| control field | NUST |
| 005 - DATE AND TIME OF LATEST TRANSACTION | |
| control field | 20170531121431.0 |
| 008 - FIXED-LENGTH DATA ELEMENTS--GENERAL INFORMATION | |
| fixed length control field | 150610t xxu||||| |||| 00| 0 eng d |
| 020 ## - INTERNATIONAL STANDARD BOOK NUMBER | |
| International Standard Book Number | 9789699532047 |
| 040 ## - CATALOGING SOURCE | |
| Transcribing agency | RCMS |
| Original cataloging agency | DLC |
| Language of cataloging | DLC |
| 050 ## - LIBRARY OF CONGRESS CALL NUMBER | |
| Classification number | 934 ALI |
| 082 ## - DEWEY DECIMAL CLASSIFICATION NUMBER | |
| Classification number | 934 ALI |
| 100 ## - MAIN ENTRY--PERSONAL NAME | |
| Personal name | Dr. Safdar Ali Shah & Syed Javaid A. Kazi |
| 9 (RLIN) | 1265 |
| 245 ## - TITLE STATEMENT | |
| Title | The Buddhist heritage of Pakistan |
| 300 ## - PHYSICAL DESCRIPTION | |
| Extent | 130 p. : |
| Other physical details | photos ill, ; |
| Dimensions | 30 cm. |
| 538 ## - SYSTEM DETAILS NOTE | |
| Display text | Shelf # 13, Row # 5, Fiction. |
| 546 ## - LANGUAGE NOTE | |
| Language note | English |
| 856 ## - ELECTRONIC LOCATION AND ACCESS | |
| Materials specified | Table of Contents Only. |
| 942 ## - ADDED ENTRY ELEMENTS (KOHA) | |
| Source of classification or shelving scheme | |
| Koha item type | Book |
| Classification part | 934 ALI |
| Withdrawn status | Lost status | Source of classification or shelving scheme | Damaged status | Not for loan | Permanent Location | Current Location | Shelving location | Date acquired | Total Checkouts | Full call number | Barcode | Date last seen | Price effective from | Koha item type |
|---|---|---|---|---|---|---|---|---|---|---|---|---|---|---|
| School of Interdisciplinary Engineering and Sciences (SINES) | School of Interdisciplinary Engineering and Sciences (SINES) | General Stacks | 06/04/2015 | 934 ALI | RCMS002895 | 06/04/2015 | 06/04/2015 | Book |
